000 00295nam a22001337a 4500
008 170502b xxu||||| |||| 00| 0 eng d
020 _a9780199578726
041 _aeng
080 _a347
100 _a13
101 _aSHJ
245 _aINTERNATIONAL HUMAN RIGHT
_cALSTON.P
942 _2udc
_cBK
999 _c12449
_d12449